000 00632nam a2200229Ia 4500
003 OSt
005 20220923230640.0
006 a|||||r|||| 00| 0
007 ta
008 Pun
024 _a288,558
037 _cTextual
040 _aARTS
_cARTS
_bPun
041 _2Pun
_aPun
082 _aO153,3NBA1,JB, M0
100 _aਬਰਾੜ, ਜਗਤੇਜ ਸਿੰਘ, ਂਚ.
245 0 _aਜਵਾਰ ਭਾਟਾ
260 _c1980
650 _aਪੰਜਾਬੀ ਸਾਹਿਤ
942 _hO153,3NBA1,JB, M0
_cTEXL
_2CC
999 _c386266
_d386266